Score 0/20 Timer 03:00
2 Plays Today
Mixed Word Answer % Correct
YOSSoy
99.8%
PDIDip
99.7%
LOLRRoll
99.1%
ALLBSBalls
97.9%
EADHHead
97.2%
KACECake
97.1%
MACRECream
92.9%
RFIESFries
87.6%
OLDMYMoldy
85.5%
HEWELWheel
84.1%
Mixed Word Answer % Correct
THOLCCloth
79.6%
TGINSRString
75.6%
URERBGBurger
73%
SAYEEasy
61.1%
Common BondCheese
53.7%
RILEDGLGrilled
51.1%
HDREEDSDShredded
47.7%
OEUNFDFondue
34.8%
BERUSCMLCrumbles
28.2%
SWINSIONCWisconsin
26.3%
Remove Ads.
Support Sporcle.
Get the best of Sporcle when you Go Orange. This ad-free experience offers more features, more stats, and more fun while also helping to support Sporcle. Thank you for becoming a member.

You're not logged in!

Compare scores with friends on all Sporcle quizzes.
OR
Log In

Show Comments

Extras

Top Quizzes Today


Score Distribution

Your Account Isn't Verified!

In order to create a playlist on Sporcle, you need to verify the email address you used during registration. Go to your Sporcle Settings to finish the process.

Report this User

Report this user for behavior that violates our Community Guidelines.

Details: